000 00652nam a2200253 i 4500
001 C2-0101654
003 PPAK
005 20180727095828.0
008 970529s1990 ilu |||| ||||| | eng d
020 _a0256071543
040 _aPPAK
_beng
_cPPAK
_erda
082 0 4 _a657
_223
090 0 0 _a657
_bSHO
_dG
100 1 _aShort, Daniel G.,
_eauthor
245 1 0 _aFundamentals of financial accounting
264 1 _aIllinois :
_bIrwin ,
_c1990
300 _axxii, 841 pages ;
_c24 cm
336 _2rdacontent
_atext
337 _2rdamedia
_aunmediated
338 _2rdacarrier
_avolume
650 1 0 _aAccounting
700 _eauthor
942 _ddc
_cB
999 _c23458
_d23458